Construction statistics annual (Record no. 103712)
[ view plain ]
| 000 -LEADER | |
|---|---|
| fixed length control field | 01726cam a2200409 4500 |
| 001 - CONTROL NUMBER | |
| control field | L127179 |
| 008 - FIXED-LENGTH DATA ELEMENTS--GENERAL INFORMATION | |
| fixed length control field | 030217n2004 000 0 eng u |
| 020 ## - INTERNATIONAL STANDARD BOOK NUMBER | |
| International Standard Book Number | 0115155120 |
| 035 ## - SYSTEM CONTROL NUMBER | |
| System control number | (Sirsi) u127179 |
| 041 ## - LANGUAGE CODE | |
| Language code of text/sound track or separate title | eng |
| 050 ## - LIBRARY OF CONGRESS CALL NUMBER | |
| Classification number | 306.0212 |
| -- | 18 |
| 110 ## - MAIN ENTRY--CORPORATE NAME | |
| Corporate name or jurisdiction name as entry element | United Kingdom |
| Subordinate unit | Department of Trade and Industry |
| 245 ## - TITLE STATEMENT | |
| Title | Construction statistics annual |
| Remainder of title | 2004 edition |
| 260 ## - PUBLICATION, DISTRIBUTION, ETC. | |
| Place of publication, distribution, etc. | Norwich |
| Name of publisher, distributor, etc. | TSO |
| Date of publication, distribution, etc. | 2004 |
| 300 ## - PHYSICAL DESCRIPTION | |
| Extent | 254p. |
| Dimensions | 30cm. |
| 505 ## - FORMATTED CONTENTS NOTE | |
| Formatted contents note | New orders |
| 505 ## - FORMATTED CONTENTS NOTE | |
| Formatted contents note | Output |
| 505 ## - FORMATTED CONTENTS NOTE | |
| Formatted contents note | Structure of the industry |
| 505 ## - FORMATTED CONTENTS NOTE | |
| Formatted contents note | Price indices |
| 505 ## - FORMATTED CONTENTS NOTE | |
| Formatted contents note | Cost indices |
| 505 ## - FORMATTED CONTENTS NOTE | |
| Formatted contents note | Investment |
| 505 ## - FORMATTED CONTENTS NOTE | |
| Formatted contents note | Commercial floor space |
| 505 ## - FORMATTED CONTENTS NOTE | |
| Formatted contents note | Government department's construction plans |
| 505 ## - FORMATTED CONTENTS NOTE | |
| Formatted contents note | Local authority expenditure |
| 505 ## - FORMATTED CONTENTS NOTE | |
| Formatted contents note | National Lottery funded construction projects |
| 505 ## - FORMATTED CONTENTS NOTE | |
| Formatted contents note | Planning applications and decisions |
| 505 ## - FORMATTED CONTENTS NOTE | |
| Formatted contents note | Trends in employment and the profession |
| 505 ## - FORMATTED CONTENTS NOTE | |
| Formatted contents note | Northern Ireland, Wales and Scotland |
| 505 ## - FORMATTED CONTENTS NOTE | |
| Formatted contents note | Building materials |
| 505 ## - FORMATTED CONTENTS NOTE | |
| Formatted contents note | International comparison |
| 505 ## - FORMATTED CONTENTS NOTE | |
| Formatted contents note | DTI Construction Innovation and Research Programme |
| 505 ## - FORMATTED CONTENTS NOTE | |
| Formatted contents note | Key performance indicators and benchmarking |
| 520 ## - SUMMARY, ETC. | |
| Summary, etc. | Gives a broad perspective of statistical trends in the construction industry in Great Britain through the last decade together with some international comparisions and features on leading initiatives which may influence the future. Also available to view on the DTI website www.dti.gov.uk/construction. |
| 690 ## - LOCAL SUBJECT ADDED ENTRY--TOPICAL TERM (OCLC, RLIN) | |
| Topical term or geographic name as entry element | BUILT ENVIRONMENT-CONSTRUCTION MARKET |
| 856 ## - ELECTRONIC LOCATION AND ACCESS | |
| Uniform Resource Identifier | <a href="https://www.constructingexcellence.org.uk/pdf/document/constat2004.pdf">https://www.constructingexcellence.org.uk/pdf/document/constat2004.pdf</a> |
| Public note | View the statistics free of charge at: www.constructingexcellence.org.uk |
| 942 ## - ADDED ENTRY ELEMENTS (KOHA) | |
| Suppress in OPAC | 0 |
| Withdrawn status | Lost status | Source of classification or shelving scheme | Damaged status | Not for loan | Home library | Current library | Shelving location | Date acquired | Cost, normal purchase price | Total Checkouts | Full call number | Barcode | Date last seen | Copy number | Cost, replacement price | Price effective from | Koha item type |
|---|---|---|---|---|---|---|---|---|---|---|---|---|---|---|---|---|---|
| Dewey Decimal Classification | London | London | Statistics | 18/04/2005 | 46.00 | STATISTICS | 30070688 | 06/08/2019 | 1 | 46.00 | 06/08/2019 | Reference material |